|
|
|
|
| LEADER |
00000nam0a2200000 4500 |
| 001 |
279464 |
| 005 |
20231101235219.0 |
| 020 |
|
|
|a RU
|b 86-58332
|
| 035 |
|
|
|a (RuTPU)RU\TPU\book\302743
|
| 090 |
|
|
|a 279464
|
| 100 |
|
|
|a 20141219d1986 m y0rusy5003 ca
|
| 101 |
0 |
|
|a rus
|
| 102 |
|
|
|a BY
|
| 105 |
|
|
|a y z 001zy
|
| 200 |
1 |
|
|a Горизонты порошковой металлургии
|f В. Я. Бибиков
|
| 210 |
|
|
|a Минск
|c Вышэйшая школа
|d 1986
|
| 215 |
|
|
|a 124 с.
|d 17 см
|
| 225 |
1 |
|
|a Мир занимательной науки
|
| 320 |
|
|
|a Библиогр.: с. 123 (13 назв.)
|
| 606 |
1 |
|
|a Порошковая металлургия
|2 stltpush
|3 (RuTPU)RU\TPU\subj\68694
|9 83870
|
| 610 |
1 |
|
|a история
|
| 610 |
1 |
|
|a металлические порошки
|
| 610 |
1 |
|
|a технологические процессы
|
| 610 |
1 |
|
|a оборудование
|
| 610 |
1 |
|
|a производство
|
| 610 |
1 |
|
|a материалы
|
| 610 |
1 |
|
|a покрытия
|
| 610 |
1 |
|
|a изделия
|
| 610 |
1 |
|
|a создание
|
| 610 |
1 |
|
|a перспектива
|
| 675 |
|
|
|a 621.762
|z rus
|v 4
|
| 700 |
|
1 |
|a Бибиков
|b В. Я.
|g Владимир Яковлевич
|4 070
|
| 801 |
|
0 |
|a RU
|b RuMRKP
|c 19950704
|g psbo
|
| 801 |
|
1 |
|a RU
|b 63413507
|c 20141219
|
| 801 |
|
2 |
|a RU
|b 63413507
|c 20170418
|g RCR
|
| 942 |
|
|
|c BK
|